| 000 | 00832nam a22002297a 4500 | ||
|---|---|---|---|
| 999 |
_c5547 _d5547 |
||
| 003 | AR-CdUCM | ||
| 008 | 190312b ||||| |||| 00| 0 spa d | ||
| 040 |
_aMUNICIPALIDAD PROVINCIAL DEL CUSCO _cBIBLIOTECA MUNICIPAL DEL CUSCO |
||
| 041 | _heng | ||
| 082 |
_a198 / _bC712 |
||
| 100 |
_aCollins, James Daniel _916626 |
||
| 245 | _aEl pensamiento de Kierkegaard / | ||
| 260 |
_aMéxico, D.F : _bFondo de Cultura Económica, _c1958. |
||
| 300 |
_a325 páginas _c18 cm. |
||
| 440 |
_aBrevarios _n140 _916627 |
||
| 505 | _aContenido: Kierkegaard, el hombre -- Las esferas de la existencia y la concepción romántica -- La concepción ética y sus límites ... | ||
| 650 |
_aFilosofía cristiana _916628 |
||
| 650 |
_aExistencialismo _914068 |
||
| 700 |
_aLandázuri, Elena (traductor) _916629 |
||
| 942 |
_2ddc _cLIBROS |
||
| 945 | _acmm | ||